The economics of invention : A study of the determinants of inventive activity

Wedi'i Gadw mewn:
Manylion Llyfryddiaeth
Prif Awdur: Wyatt, Geoffrey
Fformat: Llyfr
Iaith:Undetermined
Cyhoeddwyd: Brighton Harvester Press 1986
Pynciau:
Tagiau: Ychwanegu Tag
Dim Tagiau, Byddwch y cyntaf i dagio'r cofnod hwn!
Thư viện lưu trữ: Trung tâm Học liệu Trường Đại học Cần Thơ
LEADER 00540nam a2200193Ia 4500
001 CTU_78054
008 210402s9999 xx 000 0 und d
082 |a 338.06 
082 |b W975 
100 |a Wyatt, Geoffrey 
245 4 |a The economics of invention : 
245 2 |b A study of the determinants of inventive activity 
245 0 |c Geoffrey Wyatt 
260 |a Brighton 
260 |b Harvester Press 
260 |c 1986 
650 |a Inventions 
650 |x Economic aspects 
980 |a Trung tâm Học liệu Trường Đại học Cần Thơ